000 00385nam a2200157 4500
003 GBCCL
005 20250619143416.0
008 250417b |||||||| |||| 00| 0 eng d
040 _cGBC
082 _aVER 398.2095417
_bGUI
100 _aGuite, Lalthanghlun
245 _aTangthu lungkuai 3te
260 _aHiangtam Lamka :
_bAuthor,
_c2025
300 _a180p. ;
942 _2ddc
_cBK
_n0
999 _c10644
_d10644